<?xml version="1.0" encoding="UTF-8"?>
<record
    xmlns:xsi="http://www.w3.org/2001/XMLSchema-instance"
    xsi:schemaLocation="http://www.loc.gov/MARC21/slim http://www.loc.gov/standards/marcxml/schema/MARC21slim.xsd"
    xmlns="http://www.loc.gov/MARC21/slim">

  <leader>01500nam a22001937a 4500</leader>
  <controlfield tag="008">180828b        xxu||||| |||| 00| 0 eng d</controlfield>
  <datafield tag="020" ind1=" " ind2=" ">
    <subfield code="a">978007765414</subfield>
  </datafield>
  <datafield tag="050" ind1=" " ind2=" ">
    <subfield code="a">HG4026.R71</subfield>
  </datafield>
  <datafield tag="100" ind1=" " ind2=" ">
    <subfield code="a">Ross, Stephen A.</subfield>
  </datafield>
  <datafield tag="245" ind1=" " ind2=" ">
    <subfield code="a">Solutions manual for corporate finance: core principles and applications. /</subfield>
    <subfield code="c">Stephen A. Ross, Randolph W. Westerfield, Jeffrey F. Jaffe and Bradford D. Jordan.</subfield>
  </datafield>
  <datafield tag="250" ind1=" " ind2=" ">
    <subfield code="a">4th ed.</subfield>
  </datafield>
  <datafield tag="260" ind1=" " ind2=" ">
    <subfield code="a">New York :</subfield>
    <subfield code="b">McGraw-Hill Education,</subfield>
    <subfield code="c">2014.</subfield>
  </datafield>
  <datafield tag="300" ind1=" " ind2=" ">
    <subfield code="a">iii + various paging :</subfield>
    <subfield code="b">ill. ;</subfield>
    <subfield code="c">28 cm.</subfield>
  </datafield>
  <datafield tag="505" ind1=" " ind2=" ">
    <subfield code="a">Contents: Introduction to corporate finance -- Financial statements and cash flow -- Financial statements analysis and long-term planning -- Discounted cash flow valuation -- Interest rates and bonds valuation -- Stock valuation -- Net present value and other investment criteria -- Making capital investment decisions -- Risk analysis,real options, and capital budgeting -- Risk and return lessons from market history -- Risk and return: the Capital Asset Pricing Model (CAPM) -- Risk, cost of capital, and valuation -- Efficient capital markets and behavioral challenges -- Capital structure: basic concepts -- Capital structure: limits to the use of debt -- Dividends and other payouts -- Options and corporate finance -- Short-term finance and planning -- Raising capital -- International corporate finance -- Mergers and acquisitions.</subfield>
  </datafield>
  <datafield tag="700" ind1=" " ind2=" ">
    <subfield code="a">Westerfield, Randolph W.</subfield>
  </datafield>
  <datafield tag="700" ind1=" " ind2=" ">
    <subfield code="a">Jaffe, Jeffrey F.</subfield>
  </datafield>
  <datafield tag="700" ind1=" " ind2=" ">
    <subfield code="a">Jordan, Bradford D.</subfield>
  </datafield>
  <datafield tag="942" ind1=" " ind2=" ">
    <subfield code="2">lcc</subfield>
    <subfield code="c">BK</subfield>
  </datafield>
  <datafield tag="999" ind1=" " ind2=" ">
    <subfield code="c">6707</subfield>
    <subfield code="d">14207</subfield>
  </datafield>
  <datafield tag="952" ind1=" " ind2=" ">
    <subfield code="0">0</subfield>
    <subfield code="1">0</subfield>
    <subfield code="2">lcc</subfield>
    <subfield code="4">0</subfield>
    <subfield code="7">0</subfield>
    <subfield code="a">WIUC-1</subfield>
    <subfield code="b">WIUC-1</subfield>
    <subfield code="c">GEN</subfield>
    <subfield code="d">2018-08-28</subfield>
    <subfield code="l">0</subfield>
    <subfield code="o">HG4026.R71</subfield>
    <subfield code="p">8304/123/18</subfield>
    <subfield code="r">2018-08-28 00:00:00</subfield>
    <subfield code="t">1</subfield>
    <subfield code="w">2018-08-28</subfield>
    <subfield code="y">BK</subfield>
  </datafield>
  <datafield tag="952" ind1=" " ind2=" ">
    <subfield code="0">0</subfield>
    <subfield code="1">0</subfield>
    <subfield code="2">lcc</subfield>
    <subfield code="4">0</subfield>
    <subfield code="7">0</subfield>
    <subfield code="a">WIUC-1</subfield>
    <subfield code="b">WIUC-1</subfield>
    <subfield code="c">GEN</subfield>
    <subfield code="d">2018-08-28</subfield>
    <subfield code="l">0</subfield>
    <subfield code="o">HG4026.R711</subfield>
    <subfield code="p">8305/124/18</subfield>
    <subfield code="r">2018-08-28 00:00:00</subfield>
    <subfield code="t">2</subfield>
    <subfield code="w">2018-08-28</subfield>
    <subfield code="y">BK</subfield>
  </datafield>
  <datafield tag="952" ind1=" " ind2=" ">
    <subfield code="0">0</subfield>
    <subfield code="1">0</subfield>
    <subfield code="2">lcc</subfield>
    <subfield code="4">0</subfield>
    <subfield code="7">0</subfield>
    <subfield code="a">WIUC-1</subfield>
    <subfield code="b">WIUC-1</subfield>
    <subfield code="c">GEN</subfield>
    <subfield code="d">2018-08-28</subfield>
    <subfield code="l">0</subfield>
    <subfield code="o">HG4026.R712</subfield>
    <subfield code="p">8306/125/18</subfield>
    <subfield code="r">2018-08-28 00:00:00</subfield>
    <subfield code="t">3</subfield>
    <subfield code="w">2018-08-28</subfield>
    <subfield code="y">BK</subfield>
  </datafield>
  <datafield tag="952" ind1=" " ind2=" ">
    <subfield code="0">0</subfield>
    <subfield code="1">0</subfield>
    <subfield code="2">lcc</subfield>
    <subfield code="4">0</subfield>
    <subfield code="7">0</subfield>
    <subfield code="a">WIUC-1</subfield>
    <subfield code="b">WIUC-1</subfield>
    <subfield code="c">GEN</subfield>
    <subfield code="d">2018-08-28</subfield>
    <subfield code="l">0</subfield>
    <subfield code="o">HG4026.R713</subfield>
    <subfield code="p">8307/126/18</subfield>
    <subfield code="r">2018-08-28 00:00:00</subfield>
    <subfield code="t">4</subfield>
    <subfield code="w">2018-08-28</subfield>
    <subfield code="y">BK</subfield>
  </datafield>
  <datafield tag="952" ind1=" " ind2=" ">
    <subfield code="0">0</subfield>
    <subfield code="1">0</subfield>
    <subfield code="2">lcc</subfield>
    <subfield code="4">0</subfield>
    <subfield code="7">0</subfield>
    <subfield code="a">WIUC-1</subfield>
    <subfield code="b">WIUC-1</subfield>
    <subfield code="c">GEN</subfield>
    <subfield code="d">2018-08-28</subfield>
    <subfield code="l">0</subfield>
    <subfield code="o">HG4026.R714</subfield>
    <subfield code="p">8308/127/18</subfield>
    <subfield code="r">2018-08-28 00:00:00</subfield>
    <subfield code="t">5</subfield>
    <subfield code="w">2018-08-28</subfield>
    <subfield code="y">BK</subfield>
  </datafield>
</record>
